Województwa Polski po stolicy - Statystyki

Ogólne statystyki
  • Ten quiz został rozwiązany 214 razy
  • Średni wynik to 12 z 16
Statystyki odpowiedzi
Hint Odpowiedź % Poprawnych
Łódź łódzkie
91%
Warszawa mazowieckie
87%
Gdańsk pomorskie
85%
Kraków małopolskie
84%
Opole opolskie
84%
Wrocław dolnośląskie
82%
Poznań wielkopolskie
79%
Lublin lubelskie
77%
Szczecin zachodniopomorskie
76%
Białystok podlaskie
73%
Rzeszów podkarpackie
71%
Katowice śląskie
71%
Bydgoszcz kujawsko-pomorskie
69%
Kielce świętokrzyskie
68%
Olsztyn warmińsko-mazurskie
68%
Gorzów Wielkopolski lubuskie
65%
Nie znaleziono quizów pasujących do podanych kryteriów
Rozkład punktacji
Procent ludzi z każdym wynikiem
Percentyl według liczby udzielonych odpowiedzi
Twoja historia wyników
Nie rozwiązałeś tego quizu